Bars & Restaurants (Record no. 235411)

MARC details
000 -LEADER
fixed length control field 00342pam a2200145 a 4500
020 ## - INTERNATIONAL STANDARD BOOK NUMBER
Terms of availability
041 ## - LANGUAGE CODE
Language code of original
082 ## - DEWEY DECIMAL CLASSIFICATION NUMBER
Classification number 728.5
Item number Mon
100 ## - MAIN ENTRY--PERSONAL NAME
Personal name Hugo Montanaro.
245 ## - TITLE STATEMENT
Title Bars & Restaurants
Remainder of title Bars & Restaurants
Medium Textual Documents
250 ## - EDITION STATEMENT
Edition statement 1998.
260 ## - PUBLICATION, DISTRIBUTION, ETC.
Place of publication, distribution, etc. [s.l]:
Name of publisher, distributor, etc. Kliczkowski Publisher
300 ## - PHYSICAL DESCRIPTION
Extent 213:
Other physical details paper.
930 ## - EQUIVALENCE OR CROSS-REFERENCE-UNIFORM TITLE HEADING [LOCAL, CANADA]
Uniform title 1621
Holdings
Withdrawn status Lost status Damaged status Not for loan Collection Home library Current library Date acquired Source of acquisition Cost, normal purchase price Total Checkouts Full call number Barcode Date last seen Copy number Price effective from Koha item type
          College of Fine Arts, Pune College of Fine Arts, Pune 21/01/2006 Bhararti Sahakari Grahak Bhandar 750.00   728.5 Mon FAP-1621 07/03/2023 1 07/03/2023 Book